000 01053cab a2200253 4500
001 ABS58251
008 090401t1998 xxu||||| |||| 00| 0 eng d
035 _a(Sirsi) u84517
041 _aeng
100 _aMinogue, A.
245 _aInevitable exclusions
260 _c1998
350 _a0
490 _aBuilding
_v263(8027) 20 February 1998, 36(1)
520 _aLooks at the Construction Contracts (England and Wales) Exclusion Order 1998, the first order made under section 105(4) of the Construction Act 1996. Outlines what the exclusion order is, why it is necessary and the implications for the construction industry.
650 _aHOUSING GRANTS, CONSTRUCTION AND REGENERATION ACT 1996
650 _aCONSTRUCTION CONTRACTS (ENGLAND AND WALES) EXCLUSION ORDER 1998
650 _aBUILT ENVIRONMENT-BUILDING CONTRACT FORMS
650 _aHOUSING GRANTS CONSTRUCTION AND REGENERATION ACT 1996
650 _aSCHEME FOR CONSTRUCTION CONTRACTS
690 _aBUILT ENVIRONMENT-BUILDING CONTRACT FORMS
942 _n0
948 _c26/02/1998
999 _c53112
_d53112